000 00425nam a2200181Ia 4500
001 47817
008 140429s9999 xx 000 0 und d
020 _aNA
040 _cPK-LaUMT
082 _aRHC 891.4393
_bMUZ-E
100 _aMuzaffar Iqbal
245 _aInkhlaa (Urdu)
_cMuzaffar Iqbal
260 _aLahore,Pakistan:
_bAlDaer,
_c1988
300 _a200 p.
546 _aUR
650 _aUrdu literature
942 _cBK
999 _c45698
_d45698